000
00205 a2200097 4500
001
14838
100
_a
Khan Roshan
245
_a
Afghans ki Nasli Tareekh
260
_a
Karachi
_b
_c
090
_c
11609
_d
11609
942
_a
NUST-CAE
_c
M
_c
1791
999
_c
249911
_d
249911